00275nam a2200097Ia 4500008004100000245005000041245001800091260000900109650001100118856004800129171211s9999 xx 000 0 und d aJeff Galloway - Your Personal Running Journal cJeff Galloway c2011 xitness uhttp://down.ebook777.com/064/1841263400.pdf